Movies Quiz

Random Movies Quiz
Score 0/26 Timer 04:00
0 Plays Today
First names Last names % Correct
Frankie...Stein
92.9%
Clawdeen...Wolf
91.1%
Howleen...Wolf
91.1%
Clawd...Wolf
91.1%
Clawdia...Wolf
90.8%
Cleo...De Nile
83.1%
Nefra...De Nile
83.1%
Lagoona...Blue
82%
Jinifire...Long
71%
Catty...Noir
68.9%
Rebecca...Steam
64.2%
Venus...Mcflytrap
63.2%
Torili...Strip
61.6%
First names Last names % Correct
Rochelle...Goyle
59.6%
Holt...Hyde
49.1%
Gigi...Grant
47.4%
Honey...Swamp
41.7%
Twyla...None
39%
Draculara...None
39%
Opperetta...None
39%
Ellisabat...None
39%
Houdude...Voodude
28.1%
Deuce...Gorgan
20.8%
Manny...Toir
8.9%
Jackson...Jekell
7.1%
Abby...Bombanibal
6.2%
Remove Ads.
Support Sporcle.
Get the best of Sporcle when you Go Orange. This ad-free experience offers more features, more stats, and more fun while also helping to support Sporcle. Thank you for becoming a member.

You're not logged in!

Compare scores with friends on all Sporcle quizzes.
OR
Log In

Show Comments

Extras

Created Sep 25, 2013ReportNominate
Tags:last, Monster

Top Quizzes Today


Score Distribution

Your Account Isn't Verified!

In order to create a playlist on Sporcle, you need to verify the email address you used during registration. Go to your Sporcle Settings to finish the process.

Report this User

Report this user for behavior that violates our Community Guidelines.

Details: